000 00490nam a2200181Ia 4500
008 120821t2005 xxu||||| |||| 00| 0 sin d
041 _asin
080 _a8-31 (eng)
_bRAS
100 _aRashp,R. E.
245 _aමැංචෝසන් චාරිකා
246 _aManchosan Charika
260 _aKurulu Book Publishers
_aColombo
_c2005
300 _b105p, ill, 21 cm
700 _aKuruppu,D. B.
_etr.
942 _cBK
999 _c41005
_d41005
003 LK-CoDNM
040 _aLK-CoDNM
_dLK-CoDNM
_eLK-CoDNM